KOHA-Header-6

Islamic Banking (Genesis & Ratiionale Evaluation Review Prospects & Challenges) (Record no. 394)

000 -LEADER
fixed length control field 00362nam a2200121Ia 4500
008 - FIXED-LENGTH DATA ELEMENTS--GENERAL INFORMATION
fixed length control field 190722s9999 xx 000 0 und d
020 ## - INTERNATIONAL STANDARD BOOK NUMBER
International Standard Book Number 978-969-407-153-4
100 ## - MAIN ENTRY--PERSONAL NAME
Personal name Shahid Hasan Siddiqui
245 #0 - TITLE STATEMENT
Title Islamic Banking (Genesis & Ratiionale Evaluation Review Prospects & Challenges)
260 ## - PUBLICATION, DISTRIBUTION, ETC. (IMPRINT)
Place of publication, distribution, etc Karachi
Name of publisher, distributor, etc Royal Book Company
Date of publication, distribution, etc 2012
300 ## - PHYSICAL DESCRIPTION
Extent 124
942 ## - ADDED ENTRY ELEMENTS (KOHA)
Koha item type Books
Holdings
Withdrawn status Lost status Source of classification or shelving scheme Damaged status Not for loan Collection code Permanent Location Current Location Shelving location Date acquired Total Checkouts Full call number Barcode Date last seen Date checked out Price effective from Koha item type
        Not For Loan Banking MAJU MAJU Shelf No.A39 REF 2019-07-22 1 332.109 7020 2020-01-20 2020-01-17 2019-07-22 Banking

Powered by Koha